| 000 | 00567nam a2200229 a 4500 | ||
|---|---|---|---|
| 001 | nice12345678 | ||
| 003 | IN_TiNIC | ||
| 005 | 20260116011857.0 | ||
| 008 | 050524s2000 alla grp 000 0 urd | ||
| 020 |
_a _c100 |
||
| 082 | 0 | 0 |
_a297.64 _bMAH2 |
| 100 | _aMahmood-Ul- Iqbad, Abbas | ||
| 245 | _aSeerat-E-aye Sha | ||
| 260 |
_aAllahabad _bNo Publisher _c2000 |
||
| 300 | _a20p | ||
| 500 | _aincludes index and biblioraphy | ||
| 650 | _aMuhammad, Prophet-Family | ||
| 700 | 1 | _aMahmood-Ul- Iqbad, Abbas | |
| 902 | _bSRS | ||
| 942 | _cBK | ||
| 999 |
_c4645 _d4645 |
||